LEADER 00844nam0-2200289 --450 001 9910274359703321 005 20180622110107.0 010 $a978-88-06-16587-1 020 $aIT$b2014-5423 100 $a20180622d2014----kmuy0itay5050 ba 101 0 $aita 102 $aIT 105 $a 001yy 200 1 $a<>pensiero giapponese classico$fMassimo Raveri 210 $aTorino$cEinaudi$d2014 215 $aVII, 611 p.$cill.$d24 cm 225 1 $aPiccola biblioteca Einaudi. Nuova serie$v625 610 0 $aFilosofia giapponese$aSec. 20. 676 $a181.12$v20$zita 700 1$aRaveri,$bMassimo$0246164 801 0$aIT$bUNINA$gREICAT$2UNIMARC 901 $aBK 912 $a9910274359703321 952 $aCOLLEZ. 1955 (625)$b1075/2018$fFSPBC 959 $aFSPBC 996 $aPensiero giapponese classico$91080012 997 $aUNINA LEADER 00809cam a2200241 a 4500 001 991004283237907536 005 20240208144432.0 008 230710s1987 xxu b 001 0 eng d 020 $a0471603864 040 $aBibl. Dip.le Aggr. Matematica e Fisica - Sez. Fisica$beng 082 04$a539.721 084 $aLC QC793.2 084 $a53.3.1 100 1 $aGriffiths, David Jeffery$0479109 245 10$aIntroduction to elementary particles /$cDavid Griffiths 260 $aNew York [etc.] :$bJohn Wiley & sons,$cc1987 300 $avi, 392 p. :$bill. ;$c24 cm 504 $aIncludes bibliographical references and index 650 4$aParticles (Nuclear physics) 776 0 $iE-book:$z9783527618477 912 $a991004283237907536 996 $aIntroduction to elementary particles$9257055 997 $aUNISALENTO